[Event "World Cup"]
[Site "Khanty-Mansiysk RUS"]
[Date "2009.11.26"]
[Round "2.4"]
[White "Vitiugov, N."]
[Black "Milos, G."]
[Result "1-0"]
[WhiteElo "2694"]
[BlackElo "2603"]
[PlyCount "59"]
[EventDate "2009.11.21"]

1. d4 Nf6 2. c4 e6 3. Nc3 Bb4 4. Qc2 Nc6 5. e3 O-O 6. Bd2 Re8 7. a3 Bf8 8. Nf3
d6 9. Bd3 e5 10. d5 Ne7 11. O-O Bg4 12. Ng5 g6 13. f4 exf4 14. Rxf4 Nf5 15.
Bxf5 Bxf5 16. e4 Bd7 17. Raf1 Bg7 18. Ne2 Qe7 19. Ng3 Ng4 20. Rxf7 Bd4+ 21. Kh1
Rf8 22. Nf5 Bxf5 23. Rxe7 Bxe4 24. Qc1 Bd3 25. Rxf8+ Rxf8 26. h3 Bf6 27. Nxh7
Nf2+ 28. Kg1 Bg5 29. Nxg5 Ng4 30. Qe1 1-0

[Event "World Cup"]
[Site "Khanty-Mansiysk RUS"]
[Date "2009.11.26"]
[Round "2.6"]
[White "Cheparinov, I."]
[Black "Bologan, V."]
[Result "0-1"]
[WhiteElo "2671"]
[BlackElo "2692"]
[PlyCount "160"]
[EventDate "2009.11.21"]

1. e4 d5 2. exd5 Qxd5 3. Nc3 Qd6 4. d4 Nf6 5. Nf3 g6 6. Be2 Bg7 7. O-O O-O 8.
Nb5 Qb6 9. c4 c6 10. Nc3 Bf5 11. Qb3 Na6 12. Be3 Qxb3 13. axb3 Nb4 14. Ra4 a5
15. h3 Nd7 16. g4 Bc2 17. Rfa1 b6 18. R4a3 Rab8 19. Rc1 e5 20. dxe5 Nxe5 21.
Nxe5 Bxe5 22. c5 b5 23. Bd1 Bxd1 24. Rxd1 Ra8 25. Rd2 Rfe8 26. Ra1 Bxc3 27.
bxc3 Nd5 28. Bd4 a4 29. Rda2 Ra5 30. bxa4 Rea8 31. Kg2 Rxa4 32. Rxa4 Rxa4 33.
Re1 Kf8 34. g5 Nf4+ 35. Kg3 Ne6 36. Bf6 Ke8 37. Rd1 Rc4 38. Ra1 Ra4 39. Rd1 Rc4
40. Ra1 Nxc5 41. Ra8+ Kd7 42. Ra7+ Kd6 43. Rxf7 Ne4+ 44. Kg2 Nxf6 45. Rxf6+ Ke5
46. Rf3 c5 47. Kf1 b4 48. cxb4 cxb4 49. Ke2 Rf4 50. Rd3 Re4+ 51. Kf3 Rd4 52.
Rb3 Kf5 53. Ke3 Re4+ 54. Kd3 Rh4 55. Ke2 Kxg5 56. Rd3 Re4+ 57. Kf3 Re5 58. Rb3
Rb5 59. Kg3 Kf5 60. Kf3 Ke5 61. Ke3 Kd5 62. Kd3 Kc5 63. Kc2 Ra5 64. Rf3 Ra2+
65. Kb1 Ra3 66. Rf7 Rxh3 67. Kc2 Kd4 68. Rf4+ Ke5 69. Rf7 h5 70. f3 Rh4 71. Rg7
Kf6 72. Rd7 Rf4 73. Rd3 h4 74. Kd2 h3 75. Rd8 Kg5 76. Ke3 h2 77. Rd5+ Kf6 78.
Rd1 Rh4 79. Rh1 b3 80. Kd3 Ke5 0-1